Historia de las cruzadas
Gespeichert in:
| 1. Verfasser: | |
|---|---|
| Format: | Buch |
| Sprache: | Spanisch |
| Veröffentlicht: |
Buenos Aires
Futuro
1960
|
| Schlagworte: | |
| Tags: |
Tag hinzufügen
Keine Tags, Fügen Sie den ersten Tag hinzu!
|
MARC
| LEADER | 00000nam a2200000 a 4500 | ||
|---|---|---|---|
| 001 | UCP9946 | ||
| 003 | CL-VaPUC | ||
| 008 | 000407e19600000AG |||||||||||||||||spa|d | ||
| 082 | 0 | 4 | |a 940.18 |b ZAB |2 21 |
| 100 | 0 | |a Zaburov, M. A |e author |9 440913 | |
| 245 | 1 | 0 | |a Historia de las cruzadas |
| 300 | |a 260 p | ||
| 942 | |c BK | ||
| 945 | |d 20000407 00:00:00 |a rherrera | ||
| 260 | |a Buenos Aires |b Futuro |c 1960 | ||
| 650 | 0 | |a Historia de Europa |9 392003 | |
| 650 | 0 | |a Cruzadas |9 319513 | |
| 650 | 7 | |a CAUSAS |2 CL-VaPUC |9 397687 | |
| 650 | 0 | |a Feudalismo |9 313469 | |
| 650 | 7 | |a PREPARATIVOS |2 CL-VaPUC |9 440914 | |
| 651 | 0 | |a Europa |9 255156 | |
| 651 | 7 | |a ASIA MENOR |2 CL-VaPUC |9 400482 | |
| 651 | 7 | |a ANTIOQUIA |2 CL-VaPUC |9 440767 | |
| 651 | 7 | |a CONSTANTINOPLA |2 CL-VaPUC |9 342299 | |
| 583 | |a last modification |c 20000407 00:00:00 |k Rodrigo Vera | ||
| 999 | |c 286726 |d 286724 | ||
| 952 | |0 0 |1 0 |4 0 |6 940_180000000000000_ZAB_1960 |7 0 |8 A |9 332826 |a BIBHIS |b BIBHIS |d 2019-11-20 |i 1263404 |l 4 |m 4 |o 940.18 ZAB 1960 |p 1263404 |r 2025-01-20 |s 2024-07-19 |w 2019-11-20 |y BK |k HIS | ||